Départements français littoraux - Mort subite - Statistiques

Statistiques générales
  • Ce quiz a été pris 1 192 fois
  • Le résultat moyen est 13 sur 18
Answers on the Grid
Answers color-coded by a green-red scale on the quiz's grid according to % correct below.
Finistère
Pas-de-Calais
Seine-Maritime
Corse-du-Sud
Var
Gard
Aude
Pyrénées-Orientales
Landes
Gironde
Calvados
Morbihan
Vendée
Guyane
La Réunion
Nord
Ille-et-Vilaine
Hérault
Dordogne
Maine-et-Loire
Drôme
Hautes-Pyrénées
Mayenne
Paris
Oise
Deux-Sèvres
Tarn
Alpes-de-Haute-Provence
Lozère
Gers
Ardèche
Vaucluse
Charente
 
Statistiques - réponses
Réponse % Correct
La Réunion
85%
Corse-du-Sud
82%
Finistère
80%
Guyane
79%
Vendée
78%
Pas-de-Calais
77%
Gironde
76%
Morbihan
76%
Landes
75%
Seine-Maritime
74%
Calvados
73%
Hérault
73%
Nord
72%
Var
72%
Pyrénées-Orientales
71%
Gard
56%
Ille-et-Vilaine
56%
Aude
50%
Aucun quiz correspondant
Distribution des résultats
% des personnes avec chaque résultat
Percentile par nombre de réponses
Votre historique - résultats
Vous n’avez pas pris ce quiz